Southeast Asian geographical maps

Bibliographic Details
Published in:The history of cartography, J.B. Harley and David Woodward, Chicago [etc.], p. 701-740 (2)
Main Author: Schwartzberg, Joseph E.
Content type: Article
Published: 1994
Source:MPIPL_cat

MARC

LEADER 00000naa a2200000 u 4500
001 PL0063309
003 PLI01000000000000000061537
005 00000000000000.0
008 ||| u
100 1 |a Schwartzberg, Joseph E. 
245 0 0 |a Southeast Asian geographical maps  |c Joseph E. Schwartzberg 
260 |c 1994 
773 0 8 |t The history of cartography  |a J.B. Harley and David Woodward  |k 2  |d Chicago [etc.]  |g p. 701-740  |w MPIPL_cat.PL0063291  |z 0-226-31637-8  |i In: 
952 |h p. 701-740 
996 |a Aufsatz 
997 |a book chapter